000 00421nam a22001577a 4500
003 Macl
005 20241020115523.0
008 241020b |||||||| |||| 00| 0 eng d
040 _cmacl
082 _a320
100 _aBarnwal kumar Mahesh
_982617
245 _aIndian Constitution and Polity the Gist of Ncert VIth to XIIth
260 _aDehli
_bCosmos publication
_c2024
650 _aPolity
942 _2ddc
_cC. BOOKS
999 _c67272
_d67272